Statistiques concernant clubs de ligue 2 2022/2023

Cliquez ici pour prendre le quiz!

Statistiques générales

  • Ce quiz a été pris 71 fois
  • Le résultat moyen est 16 sur 20

Statistiques - réponses

Club% Correct
Saint Etienne
100%
Bordeaux
97%
Bastia
86%
Quevilly-Rouen
84%
Caen
83%
Metz
83%
Paris FC
83%
Sochaux
83%
Amiens
81%
Nimes
81%
Dijon
77%
Laval
77%
Le Havre
75%
Valenciennes
75%
Pau
73%
Annecy
70%
Rodez
70%
Niort
69%
Grenoble
67%
Guingamp
64%

Distribution des résultats

Percentile par nombre de réponses

% des personnes avec chaque résultat

Votre développement - résultats

Vous n’avez pas pris ce quiz